00312pab a2200121 454500008004000000100001800040245004500058260000900103300001500112362001100127650001800138773003400156180718b2005 xxu||||| |||| 00| 0 eng d aTongia, Rahul aRevisiting natural gas imports for India c2005 ap.2032-36. a14 May aGas resources aEconomic and Political Weekly